LEADER 01104nam a2200253 u 4500 001 000000119306 003 CaOOAMICUS 005 20100119115144.0 008 100119t2009 it u000 u ita r 020 $a978-88-6409-011-5 040 $aPUL$bita$dReb 100 1 $aCavalcoli, P. Giovanni,$cO.P.,$d1941-$0(OLS)http://pul/name/37859 245 10$aKarl Rahner :$bil Concilio tradito /$cP. Giovanni Cavalcoli O.P. 260 $aVerona :$bFede & Cultura,$c©2009. 300 $a357 p. ;$c21 cm 490 1 $aCollana saggistica ;$v29 600 14$aRahner, Karl,$cS.I.,$d1904-1984$xTeologia.$0(OLS)http://pul/subject/26416 830 0$aCollana saggistica (Fede & Cultura) ;$v29.$0(OLS)http://pul/title/150128 850 $aPUL 852 $aPUL$W1$xSL Religione 3$y85$m262. 5 RAHKA 1$j136906$qDDC 21$B135929$CPULBib$Z2$F135929 $H112104 $82 941 1 $a9 996 $6020$a978-88-6409-011-5$9(OLS)http://pul/number/143028 996 $6245$aKarl Rahner :$bil Concilio tradito$9(OLS)http://pul/title/150126 996 $6260$aVerona :$bFede & Cultura$9(OLS)http://pul/publisher/79442 LEADER 01200nam a2200277 a 4500 001 000000138445 003 CaOOAMICUS 005 20140515125528.0 008 140515s2012 it u000 u ita r 020 $z88-14-17443-1* 040 $aPUL$bita 082 04$a344.4 100 1 $aLicastro, Angelo.$0(OLS)http://pul/name/26569 245 13$aIl diritto statale delle religioni nei paesi dell'Unione europea :$blineamenti di comparazione /$cAngelo Licastro. 260 $aMilano :$bGiuffrè,$c2012. 300 $aX, 207 p. ;$c24 cm 504 $aInclude riferimenti bibliografici. 650 4$aLibertà religiosa$zEuropa.$0(OLS)http://pul/subject/20324 850 $aPUL 852 $aPUL$W1$xSL Diritto e Scienze Sociali 3$y79$m344. 4 LICAN 1$j159660$qDDC 21$B159198$CPULBib$Z2$F159198 $H123992 $82 941 1 $a9 996 $6020$z88-14-17443-1*$9(OLS)http://pul/number/155287 996 $6082$a344.4$9(OLS)http://pul/classification/2654 996 $6245$aIl diritto statale delle religioni nei paesi dell'Unione europea :$blineamenti di comparazione$9(OLS)http://pul/title/175247 996 $6260$aMilano :$bGiuffrè$9(OLS)http://pul/publisher/48401